000 00670cam a22002053a 4500
999 _c3298
_d3298
005 20180427070005.0
008 971201s1997||||xxu|||||s|||||000 | eng d
040 _cAPEC Schools Library
_erda
041 _aeng
100 1 _aDefoe, Daniel,
_d1822-1731
245 1 0 _aFrom London to Land's End :
_band Two Letters from the "Journey through England by a Gentleman" /
_cDaniel Defoe
336 _2rdacontent
_atext
337 _2rdamedia
_acomputer
338 _2rdacarrier
_aonline resource
506 _aPublic domain in the USA.
516 _aText
653 _aEngland -- Description and travel -- Early works to 1800
655 _aelectronic books
856 4 0 _uhttps://goo.gl/zUou1n
942 _2ddc
_cEBK